保存先:
| 第一著者: | |
|---|---|
| 団体著者: | |
| フォーマット: | 図書 |
| 言語: | Undetermined |
| 主題: | |
| タグ: |
タグ追加
タグなし, このレコードへの初めてのタグを付けませんか!
|
| Thư viện lưu trữ: | Trung tâm Học liệu Trường Đại học Cần Thơ |
|---|
| LEADER | 00324nam a2200133Ia 4500 | ||
|---|---|---|---|
| 001 | CTU_1434 | ||
| 008 | 210402s9999 xx 000 0 und d | ||
| 082 | |a 519 | ||
| 082 | |b B731 | ||
| 100 | |a Emin Borin | ||
| 110 | |a vie | ||
| 526 | |b ctulTQ | ||
| 650 | |a probabilities | ||
| 980 | |a Trung tâm Học liệu Trường Đại học Cần Thơ | ||